Normal view
MARC view
- Computer Science-An Improved Content Based Image
Entry Topical Term
001 - CONTROL NUMBER
- control field: 35228
003 - CONTROL NUMBER IDENTIFIER
- control field: NUST
005 - DATE AND TIME OF LATEST TRANSACTION
- control field: 20201112152744.0
008 - FIXED-LENGTH DATA ELEMENTS
- fixed length control field: 201112|| aca||aabn | a|a d
040 ## - CATALOGING SOURCE
- Original cataloging agency: NUST
- Transcribing agency: NUST
150 ## - HEADING--TOPICAL TERM
- Topical term or geographic name entry element: Computer Science-An Improved Content Based Image
670 ## - SOURCE DATA FOUND
- Source citation: Work cat.: (NUST): Ahmed, Hannia 35227, An Improved Content Based Image Retrival Technique /, 2017
